Name a Valid U.S. Suburb - Statistics

General Stats
  • This quiz has been taken 885 times
  • The average score is 11 of 15
Answer Stats
City % Correct
Los Angeles
94%
Dallas
88%
Minneapolis
86%
Miami
84%
Seattle
84%
Phoenix
83%
Chicago
82%
Denver
76%
Las Vegas
76%
Boston
73%
Kansas City
58%
Detroit
58%
Boise
51%
Atlanta
51%
Charlotte
34%
No matching quizzes found
Score Distribution
Percent of People with Each Score
Percentile by Number Answered
Your Score History
You have not taken this quiz